header

The employer's immigration compliance desk reference (Record no. 117870)

MARC details
000 -LEADER
fixed length control field 02001nam a2200349 a 4500
082 04 - DEWEY DECIMAL CLASSIFICATION NUMBER
Classification number 342.7308/2
100 1# - MAIN ENTRY--AUTHOR NAME
Personal name Siskind, Gregory H.
245 14 - TITLE STATEMENT
Title The employer's immigration compliance desk reference
260 ## - PUBLICATION, DISTRIBUTION, ETC. (IMPRINT)
Place of publication Alexandria, Va. :
Name of publisher Society for Human Resource Management,
Year of publication c2009.
300 ## - PHYSICAL DESCRIPTION
Number of Pages 275 p. :
Other physical details ill., forms.
500 ## - GENERAL NOTE
General note Includes index.
505 0# - FORMATTED CONTENTS NOTE
Formatted contents note Form I-9 general concepts -- Completing the form I-9 -- Reverification -- Recordkeeping -- Electronic I-9 systems -- Knowledge of unlawful immigration status -- Unfair employment immigration practices -- Penalties and other risks -- Immigration Reform and Control Act (IRCA) compliance tips -- Conducting an I-9 self-audit -- E-Verify, IMAGE, and SSNVS -- Social security no-match letters -- Mergers and acquisitions -- Criminal law and employer immigration law compliance (with Jonathan L. Marks) -- Layoffs and downsizing -- State employer immigration laws -- Nonimmigrant visas -- Immigrant visas (the "Green Card") -- Asylees and refugees.
650 #0 - SUBJECT ADDED ENTRY--TOPICAL TERM
Topical Term Foreign workers
Topical Term Foreign worker certification
Topical Term Emigration and immigration law
856 40 - ELECTRONIC LOCATION AND ACCESS
Uniform Resource Identifier http://site.ebrary.com/lib/rucke/Doc?id=10506494

No items available.

© 2026 Rongo University
Contact us: librarian | system librarian | Rongo university